| 000 | 01412nam a2200337Ia 4500 | ||
|---|---|---|---|
| 001 | ebr10021654 | ||
| 003 | CaPaEBR | ||
| 006 | m u | ||
| 007 | cr cn||||||||| | ||
| 008 | 010330s2002 mdua sb 001 0 eng d | ||
| 010 | _z 2001001861 | ||
| 020 | _z0801873495 | ||
| 020 | _z0801868092 (alk. paper) | ||
| 040 |
_aCaPaEBR _cCaPaEBR |
||
| 035 | _a(OCoLC)51480825 | ||
| 050 | 1 | 4 |
_aTK7871.99.M44 _bB373 2002eb |
| 082 | 0 | 4 |
_a621.39/732/09 _221 |
| 100 | 1 |
_aBassett, Ross Knox, _d1959- |
|
| 245 | 1 | 0 |
_aTo the digital age _h[electronic resource] : _bresearch labs, start-up companies, and the rise of MOS technology / _cRoss Knox Bassett. |
| 260 |
_aBaltimore : _bJohns Hopkins University Press, _c2002. |
||
| 300 |
_axii, 421 p. : _bill. |
||
| 490 | 1 | _aJohns Hopkins studies in the history of technology | |
| 504 | _aIncludes bibliographical references and index. | ||
| 533 |
_aElectronic reproduction. _bPalo Alto, Calif. : _cebrary, _d2013. _nAvailable via World Wide Web. _nAccess may be limited to ebrary affiliated libraries. |
||
| 650 | 0 |
_aMetal oxide semiconductors _xHistory. |
|
| 650 | 0 |
_aElectronics _xSocial aspects. |
|
| 655 | 7 |
_aElectronic books. _2local |
|
| 710 | 2 | _aebrary, Inc. | |
| 830 | 0 | _aJohns Hopkins studies in the history of technology. | |
| 856 | 4 | 0 |
_uhttp://site.ebrary.com/lib/rucke/Doc?id=10021654 _zAn electronic book accessible through the World Wide Web; click to view |
| 999 |
_c25182 _d25182 |
||